Gentilicios de España - Estadísticas

Estadísticas generales
  • Esta prueba ha sido intentada 394 veces
  • La puntuación promedio es 18 de 34
Estadísticas de respuestas
Ciudad Gentilicio % Correcto
Madrid Madrileño
95%
Granada Granadino
89%
Zamora Zamorano
84%
Soria Soriano
83%
Toledo Toledano
78%
Bilbao Bilbaíno
76%
Logroño Logroñés
68%
Pamplona Pamplonés
68%
Cuenca Conquense
62%
Ibiza Ibicenco
61%
Ceuta Ceutí
60%
Valladolid Vallisoletano
60%
Vigo Vigués
60%
Melilla Melillense
59%
Vitoria Vitoriano
57%
Gijón Gijonés
56%
Huelva Onubense
55%
Huesca Oscense
55%
Tenerife Tinerfeño
53%
Santander Santanderino
48%
Santiago de Compostela Santiagués
48%
Castellón Castellonense
45%
Jaén Jienense
44%
Lérida Leridano
43%
San Sebastián Donostiarra
38%
Elche Ilicitano
36%
Badajoz Pacense
35%
Teruel Turolense
33%
Ciudad Real Ciudadrealeño
28%
Ávila Abulense
26%
Gerona Gerundense
23%
Cartagena Cartagenero
18%
Mérida Emeritense
12%
Palma de Mallorca Palmesano
5%
No se encontraron pruebas coincidentes
Distribución de puntuación
Porcentaje de gente con cada puntuación
Porcentaje por número respondido
Historial de tus puntuaciones
No has intentado esta prueba.